The poet in the world. (Record no. 78296)
[ view plain ]
| 000 -LEADER | |
|---|---|
| fixed length control field | 00731cam2a220024100 4500 |
| 001 - CONTROL NUMBER | |
| control field | lce00877457 |
| 008 - FIXED-LENGTH DATA ELEMENTS--GENERAL INFORMATION | |
| fixed length control field | 740129s1973 nyu b 001 0 eng |
| 010 ## - LIBRARY OF CONGRESS CONTROL NUMBER | |
| LC control number | 73078785 |
| 020 ## - INTERNATIONAL STANDARD BOOK NUMBER | |
| International Standard Book Number | 0811204928 |
| -- | 0811204936 (pbk.) |
| 020 ## - INTERNATIONAL STANDARD BOOK NUMBER | |
| Terms of availability | |
| -- | .50 |
| 035 ## - SYSTEM CONTROL NUMBER | |
| System control number | (Sirsi) r122879 |
| 035 ## - SYSTEM CONTROL NUMBER | |
| System control number | (DLC) 73078785 |
| 035 ## - SYSTEM CONTROL NUMBER | |
| System control number | (UPRA)lce00877457 |
| 050 0# - LIBRARY OF CONGRESS CALL NUMBER | |
| Classification number | PR6023.E88 |
| Item number | P6 |
| 082 ## - DEWEY DECIMAL CLASSIFICATION NUMBER | |
| Classification number | 811/.5/4 |
| 100 1# - MAIN ENTRY--PERSONAL NAME | |
| Personal name | Levertov, Denise, 1923- |
| Dates associated with a name | Levertov, Denise, 1923- |
| Linkage | A44908.1 |
| 245 14 - TITLE STATEMENT | |
| Title | The poet in the world. |
| 260 ## - PUBLICATION, DISTRIBUTION, ETC. | |
| Place of publication, distribution, etc. | [New York, |
| Name of publisher, distributor, etc. | New Directions, |
| Date of publication, distribution, etc. | 1973] |
| 490 0# - SERIES STATEMENT | |
| Series statement | A New Directions book |
| Linkage | S10155.2 |
| 504 ## - BIBLIOGRAPHY, ETC. NOTE | |
| Bibliography, etc. note | Includes bibliographical references. |
| 949 ## - LOCAL PROCESSING INFORMATION (OCLC) | |
| a | PR6023.E88 |
| w | lcc |
| i | -176749 |
| m | MAIN |
| t | BOOK |
| l | ON-SHELF |
No items available.